[Event "Schwarzach op-C 26th"]
[Site "Schwarzach"]
[Date "2011.08.25"]
[Round "6.3"]
[White "Gumpold, Valentin"]
[Black "Freh, Walter"]
[Result "1/2-1/2"]
[WhiteElo "1529"]
[BlackElo "1662"]
[PlyCount "97"]
[EventDate "2011.08.20"]
[EventType "swiss"]
[EventRounds "9"]
[EventCountry "AUT"]
[SourceTitle "EXT 2024"]
[Source "ChessBase"]
[SourceDate "2023.10.10"]
[SourceVersion "1"]
[SourceVersionDate "2023.10.10"]
[SourceQuality "1"]

1. e4 c5 2. Nf3 e6 3. d4 cxd4 4. Nxd4 Nf6 5. Nc3 Bb4 6. Nde2 Nxe4 7. Qd4 Bxc3+ 8. Nxc3 Nf6 9. Bg5 d5 10. 0-0-0 Nc6 11. Bb5 Bd7 12. Qf4 h6 13. Qh4 Rg8 14. Bxf6 Qxf6 15. Qxf6 gxf6 16. g3 Ne5 17. f4 Ng4 18. Rd2 f5 19. Re1 Bxb5 20. Nxb5 Kf8 21. b3 a6 22. Nd4 Rc8 23. Nf3 Nf6 24. Rd3 Ne4 25. Ne5 Ke7 26. Nf3 Rc7 27. Kb2 Rgc8 28. Nd4 h5 29. Ree3 b5 30. a3 Rc5 31. Rf3 a5 32. h3 b4 33. axb4 axb4 34. h4 Kf6 35. Kc1 Rc3 36. Kb2 R3c5 37. Kc1 Ra8 38. Kd1 Ke7 39. Rde3 Kd7 40. Ke2 Ra1 41. Rd3 Rg1 42. Rfe3 Ra5 43. Nf3 Rg2+ 44. Kf1 Rf2+ 45. Kg1 Ra1+ 46. Re1 Rxe1+ 47. Nxe1 Rd2 48. Rxd2 Nxd2 49. Nd3 1/2-1/2

[Event "AUT-ch U10"]
[Site "Vienna"]
[Date "2005.05.28"]
[Round "6.8"]
[White "Gumpold, Valentin"]
[Black "Cortolezis, Leander"]
[Result "0-1"]
[WhiteElo "1236"]
[BlackElo "1385"]
[PlyCount "42"]
[EventDate "2005.05.27"]
[EventType "swiss"]
[EventRounds "7"]
[EventCountry "AUT"]
[SourceTitle "EXT 2024"]
[Source "ChessBase"]
[SourceDate "2023.10.10"]
[SourceVersion "1"]
[SourceVersionDate "2023.10.10"]
[SourceQuality "1"]

1. e4 e5 2. Nf3 Nc6 3. Bc4 Bc5 4. Nc3 Nf6 5. d3 h6 6. h3 d6 7. 0-0 0-0 8. Bd2 Bd7 9. Nh4 Nxe4 10. dxe4 Qxh4 11. Nd5 Rac8 12. Ne3 Qg5 13. Ng4 Qg6 14. Be2 Nd4 15. Re1 Nxe2+ 16. Rxe2 Bxg4 17. Be3 Bxe2 18. Qxe2 Bxe3 19. Qxe3 c5 20. c3 f5 21. exf5 Qxf5 0-1

[Event "AUT-ch U10"]
[Site "Vienna"]
[Date "2005.05.27"]
[Round "3.8"]
[White "Kramer, Georg"]
[Black "Gumpold, Valentin"]
[Result "1-0"]
[WhiteElo "1200"]
[BlackElo "1236"]
[PlyCount "39"]
[EventDate "2005.05.27"]
[EventType "swiss"]
[EventRounds "7"]
[EventCountry "AUT"]
[SourceTitle "EXT 2024"]
[Source "ChessBase"]
[SourceDate "2023.10.10"]
[SourceVersion "1"]
[SourceVersionDate "2023.10.10"]
[SourceQuality "1"]

1. e4 e5 2. Nf3 Nf6 3. Nc3 Nc6 4. Bc4 Nxe4 5. Nxe4 d5 6. d3 dxe4 7. dxe4 Bg4 8. h3 Bxf3 9. Qxf3 Qf6 10. Qg4 Bc5 11. 0-0 0-0 12. Bg5 Qg6 13. a3 h6 14. b4 Bd4 15. Rad1 hxg5 16. Qg3 Qxe4 17. Qxg5 Qxc2 18. Bd3 Qb2 19. Qh4 Ne7 20. Qh7# 1-0